Statistics for Five Biggest Cities by Majority Spoken Language #2

Click here to take the quiz!

General Stats

  • This quiz has been taken 347 times
  • The average score is 26 of 40

Answer Stats

LanguagePopulationCity% Correct
Spanish22.3 milMexico City
98%
German4.55 milBerlin
98%
Dutch2.4 milAmsterdam
97%
Russian17.1 milMoscow
96%
Turkish14.6 milIstanbul
96%
Turkish4.75 milAnkara
94%
Russian5.5 milSaint Petersburg
93%
Spanish16.0 milBuenos Aires
93%
Malay/Indonesian28.9 milJakarta
93%
Arabic17.1 milCairo
92%
German2.25 milMunich
92%
Dutch3.175 milRotterdam
88%
Spanish10.1 milLima
85%
Arabic6.9 milRiyadh
84%
Spanish9.5 milBogotá
84%
Malay/Indonesian6.8 milKuala Lumpur
84%
Spanish7.15 milSantiago
83%
German3.175 milFrankfurt
82%
German4.925 milDüsseldorf
81%
Arabic7.0 milBaghdad
76%
Arabic5.25 milAlexandria
69%
Turkish2.95 milİzmir
67%
Dutch474,292The Hague
67%
Burmese5.25 milYangon
66%
German2.35 milStuttgart
51%
Arabic5.7 milKhartoum
48%
Malay/Indonesian4.75 milSurabaya
48%
Burmese925,000Naypyidaw
47%
Malay/Indonesian6.05 milBandung
45%
Russian1.76 milNizhny Novgorod
45%
Dutch290,529Utrecht
42%
Dutch1.03 milAntwerp
37%
Russian1.98 milMinsk
35%
Burmese1.44 milMandalay
33%
Malay/Indonesian3.45 milMedan
32%
Turkish1.98 milBursa
27%
Turkish1.7 milAdana
20%
Russian1.92 milAlmaty
16%
Burmese244,376Bago
2%
Burmese438,861Mawlamyine
1%

Score Distribution

Percentile by Number Answered

Percent of People with Each Score

Your Score History

You have not taken this quiz